| 000 | 00624nam a2200205Ia 4500 | ||
|---|---|---|---|
| 003 | GCL | ||
| 008 | 140319s9999 xx 000 0 ara d | ||
| 040 |
_aGCL / _cGCL |
||
| 082 | 0 | 4 |
_a811.008 _bس ع |
| 100 | 1 |
_aسليم مكرزل _vSinger _@ _٠غÙÙ |
|
| 245 | 1 | 0 |
_aعرائس الشعراء / _cسليم مكرزل |
| 260 |
_a[S.N] : _bمؤسسة عز الدين للطباعة والنشر ، _c1981 |
||
| 300 | _a128 ص | ||
| 490 | _a | ||
| 650 | 0 | 4 | _aالشعر العربى |
| 650 | 0 | 4 | _aالادب العربى |
| 650 | 0 | 4 | _aدواوين وقصائد |
| 650 | 0 | 4 | _aالمجموعات |
| 942 |
_2ddc _cBK |
||
| 999 |
_c56702 _d56702 |
||